| 000 | 00525nam a2200169 a 4500 | ||
|---|---|---|---|
| 001 | 3359 | ||
| 003 | CDMR | ||
| 005 | 20130607124628.0 | ||
| 008 | 130130s1999||||sp |||||||||||||||||spa|d | ||
| 040 |
_aCDMR _bcat _cCDMR |
||
| 245 |
_a100 años de la Asociación de la Prensa de Madrid _b: 1895-1995 _cedicióm, Bernardino M. Hernando |
||
| 260 |
_aMadrid _bAsociación de la Prensa de Madrid _c1999 |
||
| 300 |
_a203 p. _bil. |
||
| 610 | 2 |
_987 _aAsociación de la Prensa de Madrid |
|
| 650 | 0 | 4 |
_91617 _aPremsa _zMadrid |
| 942 |
_cMON _2udc |
||
| 999 |
_c3359 _d3359 |
||